000 00732 a2200217 4500
003 UA-OsUOA
005 20260506124428.0
008 260429b un ||||| |||| 00| 0 ukr d
040 _aUA-OsUOA
_bpol
_cUA-OsUOA
_dUA-OsUOA
041 _apol
080 _a929
090 _a929
_bJ36
100 _aJedrzejewicz J.
_925119
245 _aNoce ukraińskie albo rodowód geniusza
_bopowieść o Szewczence
_cJerzy Jedrzejewicz
260 _bLudowa Spoldzilnia Wydawwnicza
_c1972
_aWarszawa
300 _a619 s.
650 _2UDC
_a929 Біографічні дослідження
_925120
942 _cBK
_2udc
955 _a3
999 _c580609
_d580609